Proyecto cultural de los años 90
Guardado en:
| Formato: | Libro |
|---|---|
| Lenguaje: | español |
| Publicado: |
Beijing
Nueva Estrella
1997
|
| Colección: | Presencia China
|
| Materias: | |
| Etiquetas: |
Agregar Etiqueta
Sin Etiquetas, Sea el primero en etiquetar este registro!
|
MARC
| LEADER | 00000nam a2200000 a 4500 | ||
|---|---|---|---|
| 001 | UCL4776 | ||
| 003 | CL-VaPUC | ||
| 008 | 040227e19970000CH |||||||||||||||||spa|d | ||
| 020 | |a 7801027698 | ||
| 082 | 0 | 4 | |a 353.7 |b PRO |2 21 |
| 245 | 1 | 0 | |a Proyecto cultural de los años 90 |
| 300 | |a 21 p | ||
| 942 | |c BK | ||
| 945 | |d 20040227 00:00:00 |a cmena | ||
| 260 | |a Beijing |b Nueva Estrella |c 1997 | ||
| 650 | 0 | |a Política gubernamental |9 262286 | |
| 650 | 0 | |a Desarrollo cultural |9 267526 | |
| 651 | 0 | |a China |9 257545 | |
| 583 | |a last modification |c 20160913 11:06:28 |k Rodrigo Vera | ||
| 490 | 0 | |a Presencia China | |
| 999 | |c 307547 |d 307545 | ||
| 952 | |0 0 |1 0 |4 0 |6 353_700000000000000_PRO_1997 |7 0 |8 A |9 373563 |a BIBGIM |b BIBGIM |d 2019-11-21 |i 3972216 |o 353.7 PRO 1997 |p 3972216 |r 2025-01-15 |w 2019-11-21 |y BK |k ORI | ||